000 00628nam a2200229Ia 4500
003 OSt
005 20221007072956.0
006 a|||||r|||| 00| 0
007 ta
008 221006b |||||||| |||| 00| 0 eng d
024 _a22,515
037 _cTextual
040 _aFLL
_cFLL
_beng
041 _2eng
_aeng
082 _aV2:8-2:N4, L0.1;3
100 _aMansergh Nicholas Ed.
245 0 _aTransfer of power
260 _aLondon
_bThe Majesty's Stationery Office USA
_c1970
300 _alxiii,928p
_ccm.
942 _hV2:8-2:N4, L0.1;3
_cTEXL
_2CC
999 _c1147391
_d1147391